000 01183cam a2200217 4500
001 WB3822-21
008 020620n2002 000 0 eng u
035 _a(Sirsi) u118470
245 _aCondition precedent
260 _c2002
490 _aEstates Gazette
_v[2002] 24 EG 146 (CS) (15/6/02)
520 _a"Hallam Land Management Ltd v UK Coal Mining Ltd and another" CA, 30 May 2002. First respondent vendor granted option to purchase land conditional upon making planning application for development of the property - a restored open-cast mining site. Appellant (H) wished to exercise option to purchase whilst the vendor maintained that this was not valid and transfered land to second repondent. H brought a claim for specific performance which the judge dismissed after finding there had been no planning application as required by the option agreement. The appeal was also dismissed.
590 _aWB
650 _aHALLAM LAND MANAGEMENT LTD V UK COAL MINING LTD AND ANOTHER
650 _aOPTION AGREEMENT
650 _aOPTION TO PURCHASE
650 _aPLANNING APPLICATIONS
650 _aOPEN CAST MINING
690 _aPROPERTY AND LAND LAW-CASE LAW
942 _n0
999 _c70525
_d70525